000 00865nam a2200205Ii 4500
003 JO-AjNU
008 230605s9999||||xx |||||||||||||| ||und||
017 _a2004/9/2149
040 _aJO-AjNU
_bara
_erda
_cJO-AjNU
041 _aara
050 1 4 _aBP173.758.K4264 2004
100 3 _aتأليف الخياط، عبد العزيز،م.مشارك احمد صبحي العيادي,
_eauthor
_959569
245 0 0 _aفقه المعاملات وصيغ الاستثمار
264 3 1 _aعمان: دار المتقدمة للنشر، 2004
300 _a281ص
_b ويحتوي على قائمة مراجع من ص259-ص281
336 _atext
_btxt
_2rdacontent
337 _aunmediated
_bn
_2rdamedia
338 _avolume
_bnc
_2rdacarrier
650 4 _aالاقتصاد الاسلامي-الفقه الاسلامي-المعاملات-الاستثمار المالي
_959570
999 _aA26813
_c30381
_d30381